=LDR 00000nam 2200000 4500 =001 INLIS000000000016796 =005 20130612112035 =008 ***********************************Ind** =035 ##$$0010-061300000016796 =041 ##$$a Ind =082 ##$$a F Rom K =090 ##$$a F Rom K, Kis k =245 ##$$a Kisah bawang merah dan bawang putih =260 ##$$a 2003 $b [s.l] =300 ##$$a 24 hlm, ilus, 17 cm =650 ##$$a Fiksi anak-anak =850 ##$$a NBPNMAT